| 000 | 00556nam a22001937a 4500 | ||
|---|---|---|---|
| 005 | 20200104041618.0 | ||
| 008 | 130729b wau||||| |||| 00| 0 spa d | ||
| 020 | _a1559639458 | ||
| 041 | _aeng | ||
| 044 | _axxu | ||
| 082 |
_a577 _bD133n |
||
| 100 |
_aDaily, Gretchen C. _91062 |
||
| 245 |
_aThe new economy of nature : _bthe quest to make conservation profitable / |
||
| 260 |
_aWashington _bIsland Press _bShearwater Books _c2002 |
||
| 300 |
_a260 p. _c23 cm. |
||
| 650 |
_aEcology _9193 |
||
| 700 |
_aEllison, Katherine _91064 |
||
| 942 |
_2ddc _cImpreso |
||
| 999 |
_c7477 _d7477 |
||